Výhodný úverový nástroj samosprávy

Používanie komunálnych obligácií v podmienkach Slovenska a USA. Špecifické postavenie komunálnych obligácií - ich emitentom je mesto alebo obec. Zdaňovanie výnosov. Druhy obligácií. Spôsoby záruky. Právna úprava.

Salvato in:
Dettagli Bibliografici
Autore principale: Chovancová, Eva
Natura: Capitolo di libro
Lingua:slovacco
Soggetti:
Tags: Aggiungi Tag
Nessun Tag, puoi essere il primo ad aggiungerne!!

MARC

LEADER 00000naa a2200000 4500
001 r048070
005 20230927091652.0
041 0 |a slo 
044 |a SK 
245 1 0 |a Výhodný úverový nástroj samosprávy  |c Eva Chovancová 
520 |a Používanie komunálnych obligácií v podmienkach Slovenska a USA. Špecifické postavenie komunálnych obligácií - ich emitentom je mesto alebo obec. Zdaňovanie výnosov. Druhy obligácií. Spôsoby záruky. Právna úprava. 
610 2 0 |a dlhopisy komunálne 
610 2 0 |a mestá 
610 2 0 |a obce 
610 2 0 |a emitenti 
610 2 0 |a výnosy 
610 2 0 |a zdaňovanie 
610 2 0 |a záruka 
610 2 0 |a legislatíva 
610 2 0 |a Slovensko 
610 2 0 |a USA 
100 1 |a Chovancová, Eva